[Event "chess.com Junior Speed"]
[Site "chess.com INT"]
[Date "2019.06.03"]
[Round "1.11"]
[White "Sevian, Samuel"]
[Black "Nihal, Sarin"]
[Result "1-0"]
[WhiteTitle "GM"]
[BlackTitle "GM"]
[WhiteElo "2666"]
[BlackElo "2598"]
[WhiteFideId "2040506"]
[BlackFideId "25092340"]
[EventDate "2019.05.16"]

1. e4 e5 2. Nf3 Nc6 3. Bc4 Bc5 4. O-O Nf6 5. d3 O-O 6. c3 d6 7. a4 a6 8. Bg5 h6
9. Bh4 Ba7 10. Nbd2 g5 11. Bg3 Nh7 12. Kh1 Kg7 13. b4 h5 14. h4 g4 15. Nh2 f5
16. exf5 Bxf5 17. b5 Na5 18. bxa6 Nxc4 19. axb7 Bxd3 20. bxa8=Q Qxa8 21. Nxc4
Bxc4 22. Rg1 Nf6 23. f3 Bxg1 24. Qxg1 gxf3 25. Nxf3 Bd5 26. Ng5 Ng4 27. c4 Bxc4
28. Rc1 Qd5 29. Qa7 Kg6 30. Qxc7 Ne3 31. Qh7+ Kf6 32. Ne4+ Ke6 33. Qh6+ Ke7 34.
Qxe3 Bd3 35. Qg5+ Ke6 36. Qg6+ Ke7 37. Qg7+ Rf7 38. Rc7+ Ke8 39. Qg8+ 1-0

[Event "chess.com Junior Speed"]
[Site "chess.com INT"]
[Date "2019.06.03"]
[Round "1.12"]
[White "Nihal, Sarin"]
[Black "Sevian, Samuel"]
[Result "1-0"]
[WhiteTitle "GM"]
[BlackTitle "GM"]
[WhiteElo "2598"]
[BlackElo "2666"]
[WhiteFideId "25092340"]
[BlackFideId "2040506"]
[EventDate "2019.05.16"]

1. d4 Nf6 2. c4 g6 3. Nc3 d5 4. cxd5 Nxd5 5. e4 Nxc3 6. bxc3 Bg7 7. Qa4+ Nd7 8.
Nf3 O-O 9. Be2 c5 10. O-O cxd4 11. cxd4 Nb6 12. Qa3 Bg4 13. Rd1 Bxf3 14. gxf3
Bxd4 15. Bg5 Bxa1 16. Rxd8 Rfxd8 17. Qxe7 Rd7 18. Qb4 Rc8 19. Qb3 Bd4 20. a4
Rdc7 21. a5 Nd7 22. Qd5 Bg7 23. Bf4 Nf6 24. Qb3 Rd7 25. Bb5 Rdd8 26. Bc4 Rd7 27.
e5 Nh5 28. e6 Rdd8 29. exf7+ Kh8 30. Be3 b6 31. axb6 axb6 32. Qxb6 Rf8 33. Be6
Rcd8 34. h4 Bf6 35. Bh6 Bg7 36. Bg5 Bf6 37. Be3 Bxh4 38. Bc5 Bf6 39. Bxf8 Rxf8
40. Qd6 Kg7 41. Bd5 Rd8 42. Qc5 Nf4 43. Bc4 Nh3+ 44. Kg2 Nf4+ 45. Kg3 Nh5+ 46.
Kg4 Rf8 47. f4 Rd8 48. f5 Rd4+ 49. Kh3 Nf4+ 50. Kh2 Rd8 51. Qc7 1-0

[Event "chess.com Junior Speed"]
[Site "chess.com INT"]
[Date "2019.06.03"]
[Round "1.13"]
[White "Sevian, Samuel"]
[Black "Nihal, Sarin"]
[Result "1/2-1/2"]
[WhiteTitle "GM"]
[BlackTitle "GM"]
[WhiteElo "2666"]
[BlackElo "2598"]
[WhiteFideId "2040506"]
[BlackFideId "25092340"]
[EventDate "2019.05.16"]

1. e4 e5 2. Nf3 Nc6 3. Bb5 Nf6 4. O-O Nxe4 5. d4 Nd6 6. dxe5 Nxb5 7. a4 Nbd4 8.
Nxd4 Nxd4 9. Qxd4 d5 10. Qd3 Be7 11. Rd1 c6 12. Nd2 O-O 13. Nb3 Bg4 14. f3 Bh5
15. Be3 Bg6 16. Qc3 Re8 17. a5 Bf8 18. Ra4 Qc7 19. f4 Qd7 20. Bc5 Qg4 21. Re1
Be4 22. Qd2 b6 23. Bxf8 Kxf8 24. axb6 axb6 25. Rxa8 Rxa8 26. Nd4 c5 27. Nb5 h5
28. Nd6 g6 29. c4 Ra4 30. b3 Rb4 31. Nxe4 dxe4 32. Qe3 Qd7 33. Qxe4 Rxb3 34. e6
Qd4+ 35. Qxd4 cxd4 36. Rd1 d3 37. exf7 Kxf7 38. Kf2 Rc3 39. Ke3 Rxc4 40. Rxd3
Rc2 41. Kf3 Rb2 42. Rd7+ Kf6 43. Rd6+ Kf5 44. Rd5+ Kf6 45. h3 Rb3+ 46. Kf2 Rb2+
47. Kg3 b5 48. Rd6+ Kf7 49. Rb6 b4 50. Kf3 b3 51. g4 hxg4+ 52. hxg4 Rb1 53. Kg2
b2 54. g5 Ke7 55. Kh2 1/2-1/2

[Event "chess.com Junior Speed"]
[Site "chess.com INT"]
[Date "2019.06.03"]
[Round "1.14"]
[White "Nihal, Sarin"]
[Black "Sevian, Samuel"]
[Result "1-0"]
[WhiteTitle "GM"]
[BlackTitle "GM"]
[WhiteElo "2598"]
[BlackElo "2666"]
[WhiteFideId "25092340"]
[BlackFideId "2040506"]
[EventDate "2019.05.16"]

1. d4 d5 2. Nf3 Nf6 3. c4 c6 4. Nc3 e6 5. Bg5 dxc4 6. e4 h6 7. Bxf6 Qxf6 8. Bxc4
Nd7 9. O-O g6 10. e5 Qd8 11. Ne4 Nb6 12. Nf6+ Ke7 13. Qb3 Qc7 14. Rac1 Bg7 15.
d5 exd5 16. Bxd5 Bxf6 17. exf6+ Kf8 18. Rfe1 Nxd5 19. Qxd5 Be6 20. Rxe6 fxe6 21.
Qe4 g5 22. Ne5 Rd8 23. Re1 Qd6 24. Qg6 Qc7 25. h4 Qh7 26. Qh5 Rg8 27. f7 Rg7 28.
Qf3 c5 29. Qxb7 1-0

[Event "chess.com Junior Speed"]
[Site "chess.com INT"]
[Date "2019.06.03"]
[Round "1.15"]
[White "Sevian, Samuel"]
[Black "Nihal, Sarin"]
[Result "1-0"]
[WhiteTitle "GM"]
[BlackTitle "GM"]
[WhiteElo "2666"]
[BlackElo "2598"]
[WhiteFideId "2040506"]
[BlackFideId "25092340"]
[EventDate "2019.05.16"]

1. e4 e5 2. Nf3 Nc6 3. Bc4 Bc5 4. O-O Nf6 5. d3 O-O 6. c3 d6 7. a4 a6 8. h3 Ba7
9. Re1 Ne7 10. Nbd2 Ng6 11. Nf1 Be6 12. Qb3 Bxc4 13. dxc4 Nd7 14. Ng3 Nc5 15.
Qc2 Ne6 16. Be3 Ngf4 17. Nh2 Qf6 18. Ng4 Qg6 19. Bxa7 Rxa7 20. Ne3 Raa8 21. Kh2
Qg5 22. Ngf5 g6 23. Ng3 h5 24. Rg1 Kh8 25. Ngf1 Qh4 26. Nd5 Nxd5 27. exd5 Nc5
28. b4 Nd7 29. Nd2 Qxf2 30. Raf1 Qh4 31. g4 Rae8 32. Nf3 Qe7 33. gxh5 e4 34.
hxg6 fxg6 35. Nd4 Rxf1 36. Rxf1 Qe5+ 37. Kh1 Rf8 38. Rxf8+ Nxf8 39. Qf2 Kg7 40.
Qe3 Kf7 41. Kg2 Nd7 42. Ne6 Nf6 43. Qh6 Nh5 44. Qf8# 1-0

[Event "chess.com Junior Speed"]
[Site "chess.com INT"]
[Date "2019.06.03"]
[Round "1.16"]
[White "Nihal, Sarin"]
[Black "Sevian, Samuel"]
[Result "1/2-1/2"]
[WhiteTitle "GM"]
[BlackTitle "GM"]
[WhiteElo "2598"]
[BlackElo "2666"]
[WhiteFideId "25092340"]
[BlackFideId "2040506"]
[EventDate "2019.05.16"]

1. d4 Nf6 2. Bf4 d5 3. e3 e6 4. Nd2 c5 5. Ngf3 Nc6 6. c3 Bd6 7. Bg3 O-O 8. Bd3
b6 9. e4 Be7 10. e5 Nh5 11. a3 g6 12. Nf1 f5 13. exf6 Bxf6 14. Bb5 Bd7 15. Ne3
Nxd4 16. Nxd4 cxd4 17. Bxd7 Qxd7 18. cxd4 Qg7 19. Nc2 Rac8 20. O-O Rc4 21. Qe2
Nxg3 22. hxg3 Kh8 23. Rad1 Rfc8 24. Nb4 Qf7 25. Qe3 a5 26. b3 Rc3 27. Nd3 Re8
28. Rc1 Qc7 29. Ne5 Rxe3 30. Rxc7 Bxe5 31. dxe5 Rxe5 32. Rb7 d4 33. Rxb6 Rd8 34.
Rd1 d3 35. Rc6 Re2 36. Kf1 Ra2 37. a4 e5 38. Rc3 e4 39. Re1 Rf8 40. f3 exf3 41.
Rxd3 fxg2+ 42. Kg1 Kg7 43. Rde3 Rf5 44. R1e2 Rxe2 45. Rxe2 Rf3 46. Kxg2 Rxb3 47.
Re5 Kf6 48. Rxa5 h5 49. Rc5 Ra3 50. a5 g5 51. Rb5 Kg6 52. Rb6+ Kf5 53. Rb5+ Kg4
54. Rb4+ Kf5 55. Rb5+ Kg4 56. Rb4+ Kf5 57. Rb5+ 1/2-1/2

[Event "chess.com Junior Speed"]
[Site "chess.com INT"]
[Date "2019.06.03"]
[Round "1.17"]
[White "Sevian, Samuel"]
[Black "Nihal, Sarin"]
[Result "0-1"]
[WhiteTitle "GM"]
[BlackTitle "GM"]
[WhiteElo "2666"]
[BlackElo "2598"]
[WhiteFideId "2040506"]
[BlackFideId "25092340"]
[EventDate "2019.05.16"]

1. e4 c5 2. Nf3 d6 3. Bc4 Nf6 4. d3 Nc6 5. O-O g6 6. Re1 Bg7 7. c3 O-O 8. Bb3 b5
9. h3 Bb7 10. Nbd2 Rc8 11. Nf1 a5 12. a4 b4 13. Ng3 Nd7 14. Bg5 bxc3 15. bxc3
Bxc3 16. Rc1 Bxe1 17. Qxe1 Nde5 18. Nxe5 Nxe5 19. Qe2 Ba6 20. Bc2 Nc6 21. Bh6
Nd4 22. Qd2 Re8 23. Ne2 Qd7 24. Nc3 Rb8 25. Bd1 Nb3 26. Bxb3 Rxb3 27. Nd5 Rxd3
28. Qb2 Rd4 29. Qb6 Bb7 30. Nc7 Rc8 31. Nb5 Rxa4 32. Na7 Rb4 33. Nxc8 Rxb6 34.
Nxb6 Qb5 35. Nc4 Bxe4 36. f3 Bd3 37. Ne3 e6 38. Ng4 f5 39. Nf2 a4 40. Bd2 a3 41.
Bc3 a2 42. Kh2 Qb1 0-1

[Event "chess.com Junior Speed"]
[Site "chess.com INT"]
[Date "2019.06.03"]
[Round "1.18"]
[White "Nihal, Sarin"]
[Black "Sevian, Samuel"]
[Result "0-1"]
[WhiteTitle "GM"]
[BlackTitle "GM"]
[WhiteElo "2598"]
[BlackElo "2666"]
[WhiteFideId "25092340"]
[BlackFideId "2040506"]
[EventDate "2019.05.16"]

1. d4 Nf6 2. Bf4 e6 3. e3 d5 4. Nd2 c5 5. Ngf3 Nc6 6. c3 Bd6 7. Bg3 O-O 8. Bd3
b6 9. e4 Be7 10. e5 Nh5 11. a3 g6 12. Nf1 f5 13. exf6 Bxf6 14. Ne3 Bg7 15. Bb5
Ne7 16. Be5 Bxe5 17. Nxe5 Nf5 18. Nxf5 Rxf5 19. g4 Rxe5+ 20. dxe5 Nf4 21. Qd2
Qg5 22. O-O-O Bb7 23. Rde1 Rf8 24. f3 a6 25. h4 Qe7 26. Bd3 b5 27. Bc2 a5 28.
Kb1 Bc6 29. Re3 Rd8 30. Rhe1 Qxh4 31. Rc1 Qg5 32. Ree1 Rf8 33. Qe3 Qe7 34. Qd2
Qb7 35. Rh1 b4 36. cxb4 axb4 37. axb4 Qa7 38. bxc5 d4 39. Bb3 Bxf3 40. Rhe1 Bxg4
41. Qxd4 g5 42. Rc3 Ra8 43. Kc2 Qa5 44. c6 Bf5+ 45. Kc1 Rd8 46. c7 Rxd4 47.
c8=Q+ Rd8 48. Qxd8+ Qxd8 49. Rd1 Ne2# 0-1

[Event "chess.com Junior Speed"]
[Site "chess.com INT"]
[Date "2019.06.03"]
[Round "1.19"]
[White "Sevian, Samuel"]
[Black "Nihal, Sarin"]
[Result "1-0"]
[WhiteTitle "GM"]
[BlackTitle "GM"]
[WhiteElo "2666"]
[BlackElo "2598"]
[WhiteFideId "2040506"]
[BlackFideId "25092340"]
[EventDate "2019.05.16"]

1. e4 e5 2. Nf3 Nc6 3. Bb5 f5 4. d3 fxe4 5. dxe4 Nf6 6. O-O Bc5 7. Bxc6 bxc6 8.
Nxe5 O-O 9. Nc3 d6 10. Na4 Bb6 11. Nxb6 axb6 12. Nxc6 Qe8 13. Nd4 Qxe4 14. Qf3
Qxf3 15. Nxf3 Nd5 16. c3 Ba6 17. Re1 Bc4 18. a3 Rfe8 19. Bd2 b5 20. Nd4 Nb6 21.
b3 Bd3 22. Red1 c5 23. Bf4 Nd5 24. Bxd6 cxd4 25. Rxd3 Nxc3 26. Kf1 Ne4 27. Rxd4
Rac8 28. Bb4 Rc2 29. Be1 Rb2 30. b4 Nxf2 31. Bxf2 Rf8 32. Kg1 Rfxf2 33. Rg4 h6
34. h3 Rfc2 35. Rg3 Kh7 36. Kh2 Rc6 37. Rd1 Ra2 38. Rd5 Rg6 39. Rxg6 Kxg6 40.
Rd3 Kf6 41. Kg3 h5 42. Kf3 g6 43. h4 Kf5 44. Rd5+ Kf6 45. Rxb5 Rxa3+ 46. Kf4 Ra2
47. Rb6+ Kf7 48. g3 Rf2+ 49. Ke3 Rg2 50. Kf3 Rb2 51. Kf4 Kg7 52. Kg5 Rb3 53.
Rxg6+ Kf7 54. Kxh5 Rxb4 55. Rg4 Rb8 56. Rf4+ Kg7 57. Kg4 1-0

[Event "chess.com Junior Speed"]
[Site "chess.com INT"]
[Date "2019.06.03"]
[Round "1.20"]
[White "Nihal, Sarin"]
[Black "Sevian, Samuel"]
[Result "0-1"]
[WhiteTitle "GM"]
[BlackTitle "GM"]
[WhiteElo "2598"]
[BlackElo "2666"]
[WhiteFideId "25092340"]
[BlackFideId "2040506"]
[EventDate "2019.05.16"]

1. d4 Nf6 2. Bg5 e6 3. e3 d5 4. Nd2 Be7 5. f4 O-O 6. Ngf3 c5 7. c3 b6 8. Bd3 Ba6
9. Bc2 Ne8 10. h4 Nd7 11. Ne5 Nxe5 12. dxe5 f5 13. exf6 Nxf6 14. Nf3 Qc7 15. Ne5
Bd6 16. Ng4 Ne4 17. Nf2 Nxf2 18. Kxf2 h6 19. Qh5 d4 20. g3 d3 21. Bb3 c4 22. Bd1
Bb7 23. Bf3 Bxf3 24. Qxf3 Rae8 25. e4 hxg5 26. hxg5 Bxf4 27. Kg2 Bxg5 28. Qh5
Bh6 29. Qg6 Qf7 30. Rxh6 Qxg6 31. Rxg6 Rf6 32. Rg5 Ref8 33. Kh3 Rf2 34. b3 Rf1 0-1

[Event "chess.com Junior Speed"]
[Site "chess.com INT"]
[Date "2019.06.03"]
[Round "1.21"]
[White "Sevian, Samuel"]
[Black "Nihal, Sarin"]
[Result "1-0"]
[WhiteTitle "GM"]
[BlackTitle "GM"]
[WhiteElo "2666"]
[BlackElo "2598"]
[WhiteFideId "2040506"]
[BlackFideId "25092340"]
[EventDate "2019.05.16"]

1. d4 Nf6 2. Nf3 e6 3. Bf4 d5 4. e3 Bd6 5. Bg3 O-O 6. Nbd2 c5 7. c3 Qc7 8. Bd3
Nbd7 9. O-O e5 10. dxe5 Nxe5 11. Nxe5 Bxe5 12. Bxe5 Qxe5 13. Re1 Qc7 14. e4 dxe4
15. Nxe4 Nxe4 16. Bxe4 h6 17. Qf3 Be6 18. a3 Rad8 19. Rad1 b6 20. h3 Rxd1 21.
Rxd1 Rd8 22. Bd5 Qe5 23. Bxe6 Rxd1+ 24. Qxd1 Qxe6 25. Qd8+ Kh7 26. Qd3+ Qg6 27.
Qe2 Qb1+ 28. Kh2 Qf5 29. g3 g5 30. Kg2 Kg7 31. Qc4 Qc2 32. b4 cxb4 33. Qd4+ Kg6
34. axb4 Qf5 35. c4 Qe6 36. Kh2 Qf6 37. Qe4+ Kg7 38. Kg2 Qc3 39. b5 Qf6 40. Qb7
Qa1 41. Qd5 Qc3 42. Qc6 Qd4 43. Kg1 Qd1+ 44. Kh2 Qd4 45. Kg2 h5 46. Qc7 Qe4+ 47.
Kg1 Qe1+ 48. Kg2 Qe4+ 49. Kh2 Qd4 50. Kg1 Qa1+ 51. Kg2 Kg6 52. Qc6+ Kg7 53. c5
Qd4 54. cxb6 axb6 55. Kg1 f6 56. Kg2 Kg6 57. Qe8+ Kh6 58. Qh8+ Kg6 59. Qg8+ Kf5
60. Qh7+ Ke6 61. Qg8+ Kd6 62. Qe8 Qd5+ 63. Kh2 Kc5 64. Qxh5 Kxb5 65. h4 Qd2 66.
Qf3 gxh4 67. gxh4 Ka4 68. Qxf6 b5 69. h5 Qd5 70. h6 Qh5+ 71. Kg3 b4 72. Qa6+ Kb3
73. Qd3+ Ka2 74. Qc2+ Ka3 75. Qc1+ Ka2 76. Qc2+ Ka3 77. Qc1+ Ka2 78. Qd2+ Ka3
79. Qd6 Qg5+ 80. Kf3 Qf5+ 81. Kg2 Qg4+ 82. Qg3+ Qxg3+ 83. fxg3 b3 84. h7 b2 85.
h8=Q b1=Q 86. Qa8+ 1-0

[Event "chess.com Junior Speed"]
[Site "chess.com INT"]
[Date "2019.06.03"]
[Round "1.22"]
[White "Nihal, Sarin"]
[Black "Sevian, Samuel"]
[Result "0-1"]
[WhiteTitle "GM"]
[BlackTitle "GM"]
[WhiteElo "2598"]
[BlackElo "2666"]
[WhiteFideId "25092340"]
[BlackFideId "2040506"]
[EventDate "2019.05.16"]

1. Nf3 Nf6 2. b3 g6 3. Bb2 Bg7 4. e3 O-O 5. d4 d6 6. Be2 Nbd7 7. O-O b6 8. c4
Bb7 9. Nc3 e5 10. Qc2 Qe7 11. Rfd1 h6 12. a3 a6 13. b4 Rfe8 14. Rac1 Rac8 15.
dxe5 dxe5 16. Nd5 Nxd5 17. cxd5 Red8 18. e4 Nb8 19. Nd2 c6 20. dxc6 Nxc6 21. Nc4
Nd4 22. Bxd4 exd4 23. Qd2 b5 24. Na5 Bxe4 25. Bd3 Ba8 26. Nb3 Rc3 27. Nc5 Qd6
28. Be4 Rxc1 29. Rxc1 Bxe4 30. Nxe4 Qe7 31. Qd3 Re8 32. Nc5 Qd6 33. g3 h5 34.
Kg2 Bf6 35. h4 Kg7 36. Rd1 Qd5+ 37. Qf3 Qxf3+ 38. Kxf3 Ra8 39. Ne4 Rd8 40. Nc5
Rd6 41. Ke4 Kf8 42. Kd3 Ke7 43. Re1+ Kf8 44. Ne4 Re6 45. Rc1 Be7 46. Rc8+ Kg7
47. Rc7 Bf6 48. Nc5 Re1 49. Nxa6 Rd1+ 50. Ke2 Ra1 51. Nc5 Rxa3 52. Rd7 Ra2+ 53.
Kf3 Rb2 54. Ne6+ Kg8 55. Nxd4 Rxb4 56. Nc6 Rb3+ 57. Ke4 Rb2 58. f3 Kg7 59. Rb7
Re2+ 60. Kf4 Re6 61. Na7 Be5+ 62. Kg5 Rf6 0-1

[Event "chess.com Junior Speed"]
[Site "chess.com INT"]
[Date "2019.06.03"]
[Round "1.23"]
[White "Sevian, Samuel"]
[Black "Nihal, Sarin"]
[Result "1-0"]
[WhiteTitle "GM"]
[BlackTitle "GM"]
[WhiteElo "2666"]
[BlackElo "2598"]
[WhiteFideId "2040506"]
[BlackFideId "25092340"]
[EventDate "2019.05.16"]

1. b4 e5 2. a3 a5 3. b5 d5 4. Bb2 Bd6 5. e3 Nd7 6. Nf3 Ngf6 7. d4 exd4 8. Nxd4
O-O 9. c4 Re8 10. Nc3 dxc4 11. Bxc4 Nb6 12. Be2 Qe7 13. O-O Be6 14. Nxe6 Qxe6
15. Qc2 Rad8 16. g3 Nc4 17. Na4 Nxe3 18. fxe3 Qxe3+ 19. Rf2 Ne4 20. Rf1 Bxg3 21.
hxg3 Rd2 22. Qxc7 Nxf2 23. Rxf2 Kf8 24. Qxf7# 1-0

[Event "chess.com Junior Speed"]
[Site "chess.com INT"]
[Date "2019.06.03"]
[Round "1.24"]
[White "Nihal, Sarin"]
[Black "Sevian, Samuel"]
[Result "0-1"]
[WhiteTitle "GM"]
[BlackTitle "GM"]
[WhiteElo "2598"]
[BlackElo "2666"]
[WhiteFideId "25092340"]
[BlackFideId "2040506"]
[EventDate "2019.05.16"]

1. b3 Nf6 2. Bb2 g6 3. Nf3 Bg7 4. d4 O-O 5. e3 d6 6. Be2 Nbd7 7. O-O Re8 8. c4
b6 9. Nc3 Bb7 10. Qc2 e5 11. dxe5 Nxe5 12. Rfd1 Nxf3+ 13. Bxf3 Bxf3 14. gxf3 Qd7
15. Kg2 Re5 16. Ne4 Nxe4 17. Bxe5 Bxe5 18. Qxe4 Re8 19. Rac1 Bb2 20. Qg4 Qxg4+
21. fxg4 Bxc1 22. Rxc1 Kg7 23. Kf3 Re5 24. Rd1 a5 25. h4 Kf6 26. Kf4 h6 27. Rd5
g5+ 28. hxg5+ hxg5+ 29. Kf3 Rxd5 30. cxd5 Ke5 31. e4 Kd4 32. a4 f6 0-1

[Event "chess.com Junior Speed"]
[Site "chess.com INT"]
[Date "2019.06.03"]
[Round "1.25"]
[White "Sevian, Samuel"]
[Black "Nihal, Sarin"]
[Result "1-0"]
[WhiteTitle "GM"]
[BlackTitle "GM"]
[WhiteElo "2666"]
[BlackElo "2598"]
[WhiteFideId "2040506"]
[BlackFideId "25092340"]
[EventDate "2019.05.16"]

1. b4 e5 2. a3 d5 3. Bb2 Nc6 4. b5 Nd4 5. e3 Nf5 6. Bxe5 Nf6 7. Nf3 Bd6 8. Bxd6
Qxd6 9. d4 O-O 10. Bd3 Ng4 11. Bxf5 Bxf5 12. h3 Nf6 13. Nbd2 Rfe8 14. O-O Ne4
15. Nxe4 Bxe4 16. Nd2 Bg6 17. c4 c5 18. bxc6 bxc6 19. cxd5 cxd5 20. Nb3 Rab8 21.
Nc5 Rb2 22. Qa4 Qe7 23. Rfe1 Rd8 24. Qa5 Qf6 25. Rf1 h5 26. Qc3 Rc2 27. Qb3 Re8
28. Rac1 Rd2 29. Qxd5 h4 30. Nd7 Qe7 31. Ne5 Bh5 32. Nc4 Ra2 33. Qxh5 1-0

[Event "chess.com Junior Speed"]
[Site "chess.com INT"]
[Date "2019.06.11"]
[Round "1.1"]
[White "Sarana, Alexey"]
[Black "Esipenko, Andrey"]
[Result "1-0"]
[WhiteTitle "GM"]
[BlackTitle "GM"]
[WhiteElo "2636"]
[BlackElo "2620"]
[WhiteFideId "24133795"]
[BlackFideId "24175439"]
[EventDate "2019.05.16"]

1. d4 Nf6 2. c4 e6 3. Nf3 d5 4. Nc3 Be7 5. Bf4 O-O 6. e3 c5 7. Be2 Nc6 8. cxd5
Nxd5 9. Nxd5 exd5 10. dxc5 Bxc5 11. O-O d4 12. Qc2 Qb6 13. Rac1 Be7 14. exd4
Nxd4 15. Nxd4 Qxd4 16. Be3 Qf6 17. Bf3 Bd6 18. Rfd1 Be5 19. b3 Bf5 20. Qc5 b6
21. Qb5 Rad8 22. Qa6 Qe7 23. Re1 Qd7 24. Bg5 f6 25. Be3 Bd3 26. Qa3 Qf7 27. Red1
f5 28. Bg5 Rd4 29. Re1 Be4 30. Bxe4 Rxe4 31. Rxe4 fxe4 32. Be3 Bf4 33. Qb2 Bxe3
34. fxe3 Qd5 35. Qe2 Rd8 36. h3 h6 37. Qc4 Kh7 38. Qxd5 Rxd5 39. Rc4 Rd2 40. a4
Rd3 41. Rxe4 Rxb3 42. Kf2 a5 43. Kf3 Kg6 44. Rd4 Kf5 45. g4+ Ke6 46. h4 b5 47.
axb5 Rxb5 48. h5 Rd5 49. Rc4 Kd6 50. Rc8 Rc5 51. Rg8 Rg5 52. Kf4 Ke6 53. e4 Kf7
54. Ra8 Rb5 55. e5 Rb1 56. Ra7+ Kf8 57. Kf5 Rb6 58. Ra8+ Kf7 59. Rxa5 Rb7 60.
Ra6 Re7 61. e6+ Kg8 62. Kg6 Re8 63. Rd6 Rf8 64. e7 1-0

[Event "chess.com Junior Speed"]
[Site "chess.com INT"]
[Date "2019.06.11"]
[Round "1.2"]
[White "Esipenko, Andrey"]
[Black "Sarana, Alexey"]
[Result "1-0"]
[WhiteTitle "GM"]
[BlackTitle "GM"]
[WhiteElo "2620"]
[BlackElo "2636"]
[WhiteFideId "24175439"]
[BlackFideId "24133795"]
[EventDate "2019.05.16"]

1. d4 Nf6 2. Nf3 d5 3. c4 e6 4. Nc3 Nbd7 5. Bf4 dxc4 6. e3 Nb6 7. Bxc4 Nxc4 8.
Qa4+ c6 9. Qxc4 Nd5 10. O-O Nxf4 11. exf4 Be7 12. g3 O-O 13. Ne5 Qd6 14. a3 Rd8
15. Rfd1 Bd7 16. Rac1 Rac8 17. Ne4 Qd5 18. Nc5 Qxc4 19. Rxc4 Bxc5 20. dxc5 Be8
21. Rxd8 Rxd8 22. Rb4 Rb8 23. a4 Kf8 24. a5 Ke7 25. Nc4 Kd7 26. a6 Kc7 27. axb7
f6 28. Nd6 Bh5 29. Ra4 e5 30. fxe5 fxe5 31. Rxa7 Be2 32. f4 exf4 33. gxf4 Bd3
34. Kf2 h6 35. h4 g6 36. Ke3 Bf5 37. b4 Bd7 38. Ra8 1-0

[Event "chess.com Junior Speed"]
[Site "chess.com INT"]
[Date "2019.06.11"]
[Round "1.3"]
[White "Sarana, Alexey"]
[Black "Esipenko, Andrey"]
[Result "0-1"]
[WhiteTitle "GM"]
[BlackTitle "GM"]
[WhiteElo "2636"]
[BlackElo "2620"]
[WhiteFideId "24133795"]
[BlackFideId "24175439"]
[EventDate "2019.05.16"]

1. d4 Nf6 2. c4 e6 3. Nc3 Bb4 4. Qc2 d5 5. cxd5 Qxd5 6. Nf3 Qf5 7. Qxf5 exf5 8.
a3 Bd6 9. Nb5 Be6 10. Ng5 Bd5 11. f3 Nc6 12. e3 Na5 13. Bd3 h6 14. Nh3 g6 15.
Nxd6+ cxd6 16. Nf4 Bc4 17. Bd2 Bxd3 18. Bxa5 Ba6 19. Rc1 b6 20. Bc3 g5 21. Ne2
Kd7 22. Kf2 Rhe8 23. Rhe1 Nd5 24. Bd2 Rac8 25. Ng3 Bd3 26. h3 Rxc1 27. Bxc1 Rc8
28. e4 Rc2+ 29. Kg1 Ne7 30. Nh5 fxe4 31. fxe4 f5 32. e5 dxe5 33. dxe5 Ke6 34. b4
Nd5 35. Be3 Nxe3 36. Rxe3 Be4 37. g4 Kxe5 38. gxf5 Kxf5 39. Ng3+ Kf4 40. Rxe4+
Kxg3 41. Re3+ Kf4 42. Re7 a5 43. bxa5 bxa5 44. Ra7 Rc3 45. h4 Rxa3 46. hxg5 hxg5
47. Kg2 Kg4 48. Rc7 Ra2+ 49. Kg1 a4 50. Rc4+ Kf5 51. Rb4 a3 52. Rb3 Kf4 53. Rc3
Ke4 54. Rb3 Kd4 55. Rg3 Kc4 56. Rg4+ Kb3 57. Rg3+ Kb2 58. Rg2+ Kb1 59. Rg3 Kb2
60. Rg2+ Kb3 61. Rg3+ Kc4 62. Rg4+ Kd3 63. Rg3+ Ke4 64. Rb3 g4 65. Rc3 Kf4 66.
Rb3 Kg5 67. Rc3 Kh4 68. Rb3 g3 69. Rb8 Rb2 70. Rh8+ Kg4 71. Rg8+ Kf4 72. Rf8+
Ke5 73. Re8+ Kd6 74. Rd8+ Kc7 0-1

[Event "chess.com Junior Speed"]
[Site "chess.com INT"]
[Date "2019.06.11"]
[Round "1.4"]
[White "Esipenko, Andrey"]
[Black "Sarana, Alexey"]
[Result "0-1"]
[WhiteTitle "GM"]
[BlackTitle "GM"]
[WhiteElo "2620"]
[BlackElo "2636"]
[WhiteFideId "24175439"]
[BlackFideId "24133795"]
[EventDate "2019.05.16"]

1. d4 Nf6 2. Nf3 g6 3. Nbd2 d5 4. e3 Bg7 5. b4 O-O 6. Bb2 c6 7. c4 b6 8. a4 a5
9. b5 Bb7 10. Qb3 Nbd7 11. Be2 c5 12. O-O Rc8 13. Rac1 cxd4 14. Bxd4 Nc5 15. Qa3
Nfe4 16. Bxg7 Kxg7 17. Rfd1 Nxd2 18. Rxd2 e6 19. cxd5 Bxd5 20. Rxc5 Rxc5 21. e4
Qf6 22. exd5 Rxd5 23. Rxd5 exd5 24. Qc1 Re8 25. Bd3 Qd6 26. h4 Qb4 27. h5 Qxa4
28. h6+ Kf8 29. Qc3 Qf4 30. Qg7+ Ke7 31. Qxh7 Qf6 32. Nh2 Rh8 33. Qg7 Qxg7 34.
hxg7 Rg8 35. Ng4 Rxg7 36. Kf1 f5 37. Ne5 Kd6 38. f4 a4 39. Ke2 a3 40. Bb1 g5 41.
Nd3 gxf4 42. Nxf4 d4 43. Ba2 Rg4 44. Kf3 Kc5 45. Ne6+ Kxb5 46. Bb1 Kc4 47. Nc7
Rg5 48. Ba2+ Kc3 49. Nd5+ Kb2 50. Bc4 a2 51. Bxa2 Kxa2 52. Nxb6 Kb3 53. Nd7 Kc3 0-1

[Event "chess.com Junior Speed"]
[Site "chess.com INT"]
[Date "2019.06.11"]
[Round "1.5"]
[White "Sarana, Alexey"]
[Black "Esipenko, Andrey"]
[Result "0-1"]
[WhiteTitle "GM"]
[BlackTitle "GM"]
[WhiteElo "2636"]
[BlackElo "2620"]
[WhiteFideId "24133795"]
[BlackFideId "24175439"]
[EventDate "2019.05.16"]

1. d4 Nf6 2. Nf3 d5 3. c4 e6 4. Nc3 Be7 5. g3 O-O 6. Bg2 Nbd7 7. cxd5 exd5 8.
O-O c6 9. Qc2 Re8 10. Bf4 Nf8 11. Rad1 Bg4 12. Ne5 Bh5 13. Bh3 Bd6 14. Nd3 Ne6
15. Bxe6 Rxe6 16. Bxd6 Qxd6 17. Nf4 Bg6 18. Qd2 Re7 19. Rfe1 Bf5 20. f3 Rd8 21.
e3 Rde8 22. Nd3 Nd7 23. Re2 Nb6 24. b3 Qd8 25. Rde1 Nc8 26. Nf2 Bg6 27. e4 dxe4
28. fxe4 Rd7 29. d5 Bh5 30. Re3 Nb6 31. Rd3 cxd5 32. Nxd5 Bg6 33. Nf4 f6 34.
Rxd7 Qxd7 35. Qa5 Qc6 36. Nxg6 hxg6 37. Rd1 Nd7 38. Qxa7 Ne5 39. Qa4 b5 40. Qa7
Qc2 41. h3 Rc8 42. Kg2 Qe2 43. Qa5 Qf3+ 44. Kf1 Rc2 45. Qe1 Qxg3 46. Rd2 Rc3 47.
Qd1 Kh7 48. Qe2 Re3 49. Qd1 Nf3 0-1